000
00287nam a2200109Ia 4500
005
20251222143135.0
008
251222s9999||||xx |||||||||||||| ||spa||
082
_a
945.07/C91
100
_a
"Croce, Benedetto"
245
0
_a
EspaƱa en la vida italiana durante el renacimiento
942
_c
LIB
999
_c
12067
_d
12067